00861nam a2200241Ia 4500001000600000003000900006008004100015040001300056040001300069041001300082100002000095100002900115245007400144245005700218250001100275260001100286260001800297260004900315300005700364500012800421650003900549650003100588C7519IT-RoPAU130308s9999 xx 000 0 und d aIT-RoPAU cIT-RoPAU aITALIANO aPiotti Patrizia gCodice Aut. SPICS: 26487 aAspetti semiotici della traduzione da un sistema espressivo all'altro bTeoria della Comunicazione-2-Questioni Metodologiche a1a ed. aMILANO bAngeli Franco c1994 [1° Ed.:1994 - Ed.Ling.Originale:1994] a"26 p. (prefazione: no ; testo: 26 [pagine: 31-56])" aTraduzione tra Linguistica e Semiotica. Testi Verbali e Testi Audiovisivi:Racconto e Commento. Traduzione Come Riscrittura. aTEORIA DELLA COMUNICAZIONE SOCIALE eCodice materia Spics: 3802